000 00376nam a2200145Ia 4500
008 231129s1990||||xx |||||||||||||| ||spa||
020 _a968-426-522-0
040 _bspa
082 _a616.01 J41mi
100 _aJawetz Ernest
245 0 _aMicrobiologí­a médica
260 _c1990
264 _aEl manual moderno
942 _2ddc
_cBKS
999 _c21158
_d21158